000
00309nam a2200121Ia 4500
008
220216s9999 xx 000 0 und d
100
_a
Angove S N
245
0
_a
Specific gravity of natural rubber latex
260
_b
IRI Transactions
_c
1962
300
_a
T154-T164
650
_a
Specific gravity
942
_c
JS
999
_c
69141
_d
69141